Normal view
MARC view
- Supervisor Dr. Arslan Shaukat
Entry Corporate Name
001 - CONTROL NUMBER
- control field: 89210
003 - CONTROL NUMBER IDENTIFIER
- control field: NUST
005 - DATE AND TIME OF LATEST TRANSACTION
- control field: 20220218150043.0
008 - FIXED-LENGTH DATA ELEMENTS
- fixed length control field: 220218|| aca||aabn | a|a d
040 ## - CATALOGING SOURCE
- Original cataloging agency: NUST
- Transcribing agency: NUST
110 ## - HEADING--CORPORATE NAME
- Corporate name or jurisdiction name as entry element: Supervisor Dr. Arslan Shaukat
670 ## - SOURCE DATA FOUND
- Source citation: Work cat.: (NUST): Maryam Naveed 89209, TH-SOF-1966-Generalized Churn Classification Across Multiple Business Domains, 2022.
